[Event "VII OPEN AMATEUR CALVIA"]
[Site "Calvia - Mallorca (España)"]
[Date "2010.10.10"]
[Round "2"]
[Board "1"]
[White "Helin, Mikael"]
[Black "Ponce Cano, Adrian"]
[Result "1-0"]
[WhiteElo "1927"]
[BlackElo "1715"]
[PlyCount "77"]
[EventDate "2010.10.09"]
[EventRounds "9"]
[EventCountry "ESP"]

1.e4 c5 2.Nc3 Nc6 3.g3 g6 4.Bg2 Bg7 5.d3 e6 6.Be3 b6 7.Nge2 Nge7 8.Qd2 d5 9.Bh6
O-O 10.h4 d4 11.Nb5 a6 12.Na3 Ne5 13.f3 Qc7 14.h5 N7c6 15.Bxg7 Kxg7 16.hxg6 fxg6
17.Nf4 Nf7 18.O-O-O b5 19.Rh2 Bd7 20.Rdh1 Rh8 21.Ne2 b4 22.Nc4 a5 23.e5 Ncxe5
24.Nxe5 Qxe5 25.f4 Qb8 26.Bxa8 Qxa8 27.c4 a4 28.g4 b3 29.a3 Qf3 30.Rg1 Nh6
31.Rg3 Qc6 32.f5 Nf7 33.fxg6 hxg6 34.Rxh8 Nxh8 35.Qf4 Nf7 36.Rf3 Be8 37.Qf6+ Kf8
38.Nf4 Kg8 39.Nxe6

[Event "VII OPEN AMATEUR CALVIA"]
[Site "Calvia - Mallorca (España)"]
[Date "2010.10.10"]
[Round "2"]
[Board "1"]
[White "Lewandowski, Richard"]
[Black "Suuronen, Petri"]
[Result "0-1"]
[WhiteElo "1647"]
[BlackElo "1916"]
[PlyCount "128"]
[EventDate "2010.10.09"]
[EventRounds "9"]
[EventCountry "ESP"]

1.d4 d6 2.c4 e5 3.dxe5 dxe5 4.Qxd8+ Kxd8 5.e4 Be6 6.Nf3 f6 7.Be3 c6 8.a3 a5
9.Be2 Nd7 10.O-O Bc5 11.Bd2 Nh6 12.h3 Nf7 13.Nc3 Nd6 14.b3 Bd4 15.Bd3 Nc5 16.Bc2
Bxc3 17.Bxc3 Ncxe4 18.Bb2 Ke7 19.Rfe1 Nc5 20.Rac1 Nf7 21.a4 Na6 22.Nd2 Nb4
23.Bb1 Rad8 24.Ne4 b6 25.Rc3 c5 26.Ng3 Rd2 27.Bc1 Rd7 28.Nf5+ Bxf5 29.Bxf5 Rd6
30.f4 Na2 31.Rce3 Nxc1 32.Rxc1 g6 33.fxe5 Nxe5 34.Be4 Rd4 35.Bd5 Rd8 36.Rce1 Kd6
37.g4 Re8 38.Kg2 Re7 39.Rf1 Nd7 40.Rxe7 Kxe7 41.Re1+ Ne5 42.Re3 Rd2+ 43.Kg3 Kd6
44.Bg8 h6 45.Bd5 Rd3 46.Kf2 g5 47.Ke2 Rxe3+ 48.Kxe3 Ng6 49.Ke4 Nf4 50.Kf5 Ke7
51.Be4 Nxh3 52.Kg6 Ke6 53.Kxh6 Ke5 54.Bg2 Nf4 55.Bf1 Ne6 56.Be2 Ke4 57.Kg6 Nf4+
58.Kxf6 Nxe2 59.Kxg5 Nd4 60.Kf6 Nf3 61.Kg6 Ne5+ 62.Kg5 Kd4 63.Kf4 Nxg4 64.Kxg4
Kc3

[Event "VII OPEN AMATEUR CALVIA"]
[Site "Calvia - Mallorca (España)"]
[Date "2010.10.10"]
[Round "2"]
[Board "1"]
[White "Cerdo Fernandez, Miguel"]
[Black "Skovle, Lars"]
[Result "1-0"]
[WhiteElo "1909"]
[BlackElo "1705"]
[PlyCount "53"]
[EventDate "2010.10.09"]
[EventRounds "9"]
[EventCountry "ESP"]

1.e4 Nf6 2.e5 Nd5 3.d4 d6 4.Bc4 Nb6 5.Bb3 dxe5 6.Qh5 e6 7.dxe5 Nc6 8.Nf3 g6
9.Qg4 Bg7 10.Bg5 Ne7 11.Nc3 h6 12.Rd1 Bd7 13.Bh4 O-O 14.O-O Qe8 15.Ne4 Ned5
16.c4 f5 17.exf6 Nxf6 18.Bxf6 Bxf6 19.Rfe1 Kg7 20.c5 e5 21.Qg3 Na4 22.Nxf6 Rxf6
23.Nxe5 Be6 24.Ng4 Nxc5 25.Nxf6 Qf7 26.Bxe6 Nxe6 27.Rd7

[Event "VII OPEN AMATEUR CALVIA"]
[Site "Calvia - Mallorca (España)"]
[Date "2010.10.10"]
[Round "2"]
[Board "1"]
[White "Driessen Llado, Pedro"]
[Black "Mozelius, Peter"]
[Result "0-1"]
[WhiteElo "1596"]
[BlackElo "1905"]
[PlyCount "58"]
[EventDate "2010.10.09"]
[EventRounds "9"]
[EventCountry "ESP"]

1.d4 g6 2.e4 Bg7 3.c3 Nf6 4.Bd3 d6 5.f4 O-O 6.Nf3 c5 7.O-O cxd4 8.cxd4 Qb6 9.Kh1
Nc6 10.Nbd2 Bg4 11.Nc4 Qc7 12.Be3 d5 13.Nce5 Nxe5 14.fxe5 Nxe4 15.Rc1 Qd7 16.Qe1
Rac8 17.Qh4 f5 18.e6 Qd6 19.Bxe4 Rxc1 20.Rxc1 dxe4 21.Ng5 Bh5 22.Qf2 Bf6 23.Nh3
Qxe6 24.Nf4 Qf7 25.Nxh5 gxh5 26.Rc7 Bg7 27.Bg5 Re8 28.h4 h6 29.Be3 Qd5

[Event "VII OPEN AMATEUR CALVIA"]
[Site "Calvia - Mallorca (España)"]
[Date "2010.10.10"]
[Round "2"]
[Board "1"]
[White "Oliver Font, Jose Luis"]
[Black "Febrero Perez, Lluis"]
[Result "1-0"]
[WhiteElo "1902"]
[BlackElo "1599"]
[PlyCount "47"]
[EventDate "2010.10.09"]
[EventRounds "9"]
[EventCountry "ESP"]

1.e4 e5 2.Nf3 Nc6 3.Bb5 Nge7 4.c3 g6 5.d3 Bg7 6.Bg5 O-O 7.O-O d6 8.h3 Bd7 9.Qd2
a6 10.Ba4 b5 11.Bc2 Re8 12.Bh6 Bf6 13.Ng5 d5 14.f4 exf4 15.Qxf4 Nc8 16.Qxf6 Qxf6
17.Rxf6 dxe4 18.Rxf7 Be6 19.Rg7+ Kh8 20.Nxe6 Rxe6 21.Bb3 Re8 22.Rf7 N8e7 23.Bg7+
Kg8 24.Rxe7#

[Event "VII OPEN AMATEUR CALVIA"]
[Site "Calvia - Mallorca (España)"]
[Date "2010.10.10"]
[Round "2"]
[Board "1"]
[White "Jernselius, Kjell"]
[Black "Gomez Lozano, Santiago"]
[Result "1-0"]
[WhiteElo "1897"]
[BlackElo "1556"]
[PlyCount "93"]
[EventDate "2010.10.09"]
[EventRounds "9"]
[EventCountry "ESP"]

1.d4 Nf6 2.Nf3 g6 3.Bg5 Bg7 4.e3 b6 5.Nbd2 Bb7 6.Bd3 d6 7.O-O Nbd7 8.Re1 O-O
9.c3 Re8 10.h3 e5 11.e4 h6 12.Bh4 g5 13.Bg3 Nh5 14.Bh2 Nf4 15.Bc4 Nf8 16.dxe5
dxe5 17.Nf1 N8g6 18.Ng3 Qf6 19.Qd7 Re7 20.Qg4 Bc8 21.Nf5 Kf8 22.Rad1 Rd7 23.Bxf4
Nxf4 24.g3 Ng6 25.Kg2 Rxd1 26.Rxd1 Bxf5 27.exf5 Ne7 28.Qe4 Rb8 29.g4 b5 30.Bb3
c5 31.Bd5 Rd8 32.Bb3 Rxd1 33.Bxd1 Nc6 34.Qd5 Kg8 35.Qxc5 a6 36.Bc2 Bf8 37.Qd5
Bg7 38.Be4 Na5 39.Qa8+ Kh7 40.b3 h5 41.Qd5 Kh6 42.c4 Qb6 43.c5 Qc7 44.Qd6+ Qxd6
45.cxd6 Bf6 46.d7 Bd8 47.Nxe5

[Event "VII OPEN AMATEUR CALVIA"]
[Site "Calvia - Mallorca (España)"]
[Date "2010.10.10"]
[Round "2"]
[Board "1"]
[White "Masso Catala, Joan"]
[Black "Marret, Benjamin"]
[Result "0-1"]
[WhiteElo "1534"]
[BlackElo "1895"]
[PlyCount "80"]
[EventDate "2010.10.09"]
[EventRounds "9"]
[EventCountry "ESP"]

1.d4 d5 2.c4 e6 3.Nf3 c6 4.Qc2 Nf6 5.g3 dxc4 6.Qxc4 b5 7.Qc2 Bb7 8.Bg2 Nbd7
9.O-O Qb6 10.Be3 Nd5 11.Bd2 c5 12.Nc3 Rc8 13.dxc5 Bxc5 14.Qd1 O-O 15.Rc1 Rfd8
16.Qe1 N7f6 17.Nxd5 Rxd5 18.e4 Nxe4 19.Ba5 Bxf2+ 20.Rxf2 Rxc1 21.Bxb6 Rxe1+
22.Nxe1 Nxf2 23.Bxd5 Nh3+ 24.Kg2 Bxd5+ 25.Kxh3 axb6 26.a3 Be4 27.Kg4 e5 28.Nf3
Bxf3+ 29.Kxf3 f5 30.Ke3 Kf7 31.Kd3 Ke6 32.b4 g5 33.h4 gxh4 34.gxh4 h5 35.Ke3 Kd5
36.Kd3 f4 37.Ke2 e4 38.Kf2 Kd4 39.Ke2 Kc3 40.Kf2 Kb3

[Event "VII OPEN AMATEUR CALVIA"]
[Site "Calvia - Mallorca (España)"]
[Date "2010.10.11"]
[Round "3"]
[Board "1"]
[White "Adams, Philip"]
[Black "Renteria, Jorge"]
[Result "0-1"]
[WhiteElo "2133"]
[BlackElo "2266"]
[PlyCount "80"]
[EventDate "2010.10.09"]
[EventRounds "9"]
[EventCountry "ESP"]

1.e4 c5 2.c3 d6 3.d4 Nf6 4.Bd3 cxd4 5.cxd4 g6 6.Nc3 Bg7 7.h3 O-O 8.Nf3 Nc6 9.O-O
Nd7 10.Be3 a6 11.Rc1 e5 12.dxe5 Ndxe5 13.Nxe5 dxe5 14.Bc4 Nd4 15.Nd5 b5 16.Bb3
Qh4 17.Kh2 Nxb3 18.Qxb3 Be6 19.f3 Kh8 20.Rfd1 f5 21.Qb4 f4 22.Bg1 Qg3+ 23.Kh1
Bxh3 24.Qd2 Be6 25.Bf2 Qg5 26.Nc7 Rad8 27.Qa5 Rxd1+ 28.Rxd1 Bc8 29.Nxa6 Qh6+
30.Kg1 g5 31.Nc7 g4 32.fxg4 Bxg4 33.Rd3 f3 34.Qd2 Qh5 35.Nxb5 fxg2 36.Kxg2 Bf3+
37.Rxf3 Qxf3+ 38.Kg1 Bh6 39.Qc2 Be3 40.Bxe3 Rg8+

[Event "VII OPEN AMATEUR CALVIA"]
[Site "Calvia - Mallorca (España)"]
[Date "2010.10.11"]
[Round "3"]
[Board "1"]
[White "Massanet Massanet, Sebastian"]
[Black "Porte, Henrik"]
[Result "1-0"]
[WhiteElo "2260"]
[BlackElo "2113"]
[PlyCount "51"]
[EventDate "2010.10.09"]
[EventRounds "9"]
[EventCountry "ESP"]

1.e4 c6 2.d4 d5 3.e5 Bf5 4.h4 h6 5.g4 Be4 6.f3 Bg6 7.h5 Bh7 8.e6 fxe6 9.Bd3 e5
10.dxe5 e6 11.Bxh7 Rxh7 12.Qd3 Rh8 13.Qg6+ Kd7 14.Ne2 Ne7 15.Qd3 Qc7 16.f4 c5
17.Nbc3 Nec6 18.f5 Nxe5 19.fxe6+ Ke8 20.Qf5 Bd6 21.Nxd5 Qc6 22.Qe4 Na6 23.Bf4
Nb4 24.O-O-O Ned3+ 25.Rxd3 Nxd3+ 26.Qxd3

[Event "VII OPEN AMATEUR CALVIA"]
[Site "Calvia - Mallorca (España)"]
[Date "2010.10.11"]
[Round "3"]
[Board "1"]
[White "Queirolo Perez, Manuel"]
[Black "Andersen, Lars Even"]
[Result "0-1"]
[WhiteElo "2102"]
[BlackElo "2237"]
[PlyCount "98"]
[EventDate "2010.10.09"]
[EventRounds "9"]
[EventCountry "ESP"]

1.e4 d5 2.exd5 Nf6 3.Bb5+ Bd7 4.Bxd7+ Qxd7 5.c4 c6 6.dxc6 Qxc6 7.Qf3 Qxc4 8.Ne2
Nc6 9.O-O e6 10.Nbc3 Be7 11.d4 O-O 12.b3 Qa6 13.Be3 Nb4 14.Nf4 Rad8 15.Rfc1 Nbd5
16.Nfxd5 Nxd5 17.Ne4 b6 18.Qh3 Qd3 19.Qf3 f5 20.Ng5 Bxg5 21.Rd1 Qc3 22.Rac1 Bxe3
23.Rxc3 Nxc3 24.fxe3 Nxd1 25.Qxd1 e5 26.g3 exd4 27.exd4 Rd5 28.Qd3 Rfd8 29.Qc4
g6 30.Qc6 R8d7 31.Qe6+ Kg7 32.Kg2 h6 33.Kh3 Rxd4 34.Qe5+ Kh7 35.Qe6 R4d6 36.Qe8
Rg7 37.Qe3 Rf7 38.Qe5 Rdf6 39.Qf4 Kg7 40.Qd4 f4 41.Kg2 f3+ 42.Kf2 Re7 43.h4 Re2+
44.Kf1 Rxa2 45.g4 Rg2 46.b4 f2 47.Qd7+ Rf7 48.Qxf7+ Kxf7 49.Kxg2 a5

[Event "VII OPEN AMATEUR CALVIA"]
[Site "Calvia - Mallorca (España)"]
[Date "2010.10.11"]
[Round "3"]
[Board "1"]
[White "Grichkevitch, Gilles"]
[Black "Spence, David J"]
[Result "1/2-1/2"]
[WhiteElo "2099"]
[BlackElo "2225"]
[PlyCount "40"]
[EventDate "2010.10.09"]
[EventRounds "9"]
[EventCountry "ESP"]

1.e4 e6 2.d4 d5 3.Nc3 Bb4 4.e5 c5 5.Bd2 cxd4 6.Nb5 Bc5 7.b4 Bb6 8.Qg4 Kf8 9.Nf3
Nc6 10.Qf4 Nh6 11.Nbxd4 Nxd4 12.Nxd4 Bxd4 13.Qxd4 Nf5 14.Qb2 Qh4 15.Bd3 Qg4
16.Bxf5 exf5 17.O-O Be6 18.f4 Qe2 19.Rf2 Qc4 20.Be3 b6

[Event "VII OPEN AMATEUR CALVIA"]
[Site "Calvia - Mallorca (España)"]
[Date "2010.10.11"]
[Round "3"]
[Board "1"]
[White "Lind, Jan-Olof"]
[Black "Burton, Graham P"]
[Result "1-0"]
[WhiteElo "2213"]
[BlackElo "2080"]
[PlyCount "145"]
[EventDate "2010.10.09"]
[EventRounds "9"]
[EventCountry "ESP"]

1.e4 c5 2.Nf3 e6 3.d3 Nc6 4.g3 g6 5.Bg2 Bg7 6.O-O Nge7 7.c3 e5 8.a3 d6 9.b4 O-O
10.Nbd2 a6 11.Rb1 h6 12.h3 Be6 13.Kh2 b6 14.Bb2 f5 15.exf5 Bxf5 16.Qe2 Qd7
17.Rbe1 Rae8 18.Nh4 Be6 19.d4 g5 20.Ng6 Nxg6 21.d5 Nce7 22.dxe6 Qxe6 23.Qxa6 Qa2
24.Qc4+ Qxc4 25.Nxc4 Nc8 26.b5 Nge7 27.Rd1 Rd8 28.Ne3 Nf5 29.Nxf5 Rxf5 30.Be4
Rff8 31.c4 Ne7 32.a4 Nf5 33.Bc3 Nd4 34.a5 bxa5 35.Bxa5 Rd7 36.b6 Rb8 37.b7 Bf6
38.Bb6 Kg7 39.Ra1 Rbxb7 40.Bxb7 Rxb7 41.Ra7 Rxa7 42.Bxa7 Nf3+ 43.Kg2 Nd2 44.Rc1
e4 45.Rc2 Nf3 46.Re2 Be5 47.Bb6 Kf6 48.g4 Bd4 49.Rxe4 Nd2 50.Bd8+ Kf7 51.Re7+
Kf8 52.Re6 Kg7 53.Rxd6 Nxc4 54.Rc6 Nb2 55.Bb6 Nd3 56.f3 Be3 57.Kf1 Bd4 58.Ba7
Nf4 59.Bxc5 Bxc5 60.Rxc5 Nxh3 61.Rc6 Nf4 62.Kf2 h5 63.gxh5 Nxh5 64.Ke3 Nf6
65.Kd4 g4 66.Ke5 g3 67.Kf4 g2 68.Rc1 Nh5+ 69.Kg4 Kg6 70.Rg1 Nf6+ 71.Kg3 Kf5
72.Rxg2 Nh5+ 73.Kf2

[Event "VII OPEN AMATEUR CALVIA"]
[Site "Calvia - Mallorca (España)"]
[Date "2010.10.11"]
[Round "3"]
[Board "1"]
[White "Thorell, Viktor"]
[Black "Karlsson, Jorgen"]
[Result "0-1"]
[WhiteElo "2096"]
[BlackElo "2153"]
[PlyCount "83"]
[EventDate "2010.10.09"]
[EventRounds "9"]
[EventCountry "ESP"]

1.e4 g6 2.d4 Bg7 3.Nc3 a6 4.a4 b6 5.Nf3 Bb7 6.Bc4 e6 7.Bf4 d6 8.O-O Ne7 9.Bb3 h6
10.Qd2 Nd7 11.h3 g5 12.Be3 Ng6 13.Rad1 Nf6 14.Qd3 g4 15.hxg4 Nxg4 16.Ne2 h5
17.Ng5 Bh6 18.Nh3 Bxe3 19.fxe3 Qe7 20.d5 e5 21.Ng3 Nh4 22.Nf5 Nxf5 23.exf5 O-O-O
24.e4 Rdg8 25.Rf3 Nf6 26.Bc4 a5 27.b4 axb4 28.Ba6 Rg4 29.Re1 Nd7 30.a5 Rhg8
31.Ra1 Nc5 32.Bxb7+ Kxb7 33.Qb5 Qd7 34.Qxb4 Rxe4 35.Qb2 b5 36.a6+ Ka7 37.Ra5 Rb8
38.Ng5 Ra4 39.Ra3 Rxa3 40.Rxa3 Qxf5 41.Nf3 Qe4 42.Rc3

[Event "VII OPEN AMATEUR CALVIA"]
[Site "Calvia - Mallorca (España)"]
[Date "2010.10.11"]
[Round "3"]
[Board "1"]
[White "Plachkinova, Tatjana"]
[Black "Walton, Alan J"]
[Result "1-0"]
[WhiteElo "2091"]
[BlackElo "2152"]
[PlyCount "67"]
[EventDate "2010.10.09"]
[EventRounds "9"]
[EventCountry "ESP"]

1.d4 d5 2.c4 c6 3.Nc3 e6 4.Nf3 dxc4 5.a4 Bb4 6.e3 b5 7.Bd2 a5 8.axb5 Bxc3 9.Bxc3
cxb5 10.b3 Bb7 11.bxc4 b4 12.Bb2 Nf6 13.Bd3 Qc7 14.O-O Nbd7 15.Re1 Ne4 16.Qc2
Ndf6 17.Ne5 O-O 18.f3 Nd6 19.c5 Rfc8 20.Qe2 Nf5 21.e4 Ne7 22.Nc4 Rd8 23.Qe3 Ra7
24.Kh1 Ng6 25.Nd6 Bc6 26.d5 exd5 27.Bxf6 gxf6 28.exd5 Bd7 29.Qd4 Kg7 30.Bxg6
hxg6 31.Re7 Rf8 32.Rae1 Ra6 33.R1e6 Kg8 34.Rxf6

[Event "VII OPEN AMATEUR CALVIA"]
[Site "Calvia - Mallorca (España)"]
[Date "2010.10.11"]
[Round "3"]
[Board "1"]
[White "Chueca Forcen, Alberto"]
[Black "Schuermans, Robert"]
[Result "1-0"]
[WhiteElo "2280"]
[BlackElo "2069"]
[PlyCount "69"]
[EventDate "2010.10.09"]
[EventRounds "9"]
[EventCountry "ESP"]

1.d4 Nf6 2.c4 c5 3.d5 e6 4.Nc3 exd5 5.cxd5 d6 6.e4 g6 7.f4 Bg7 8.Bb5+ Nbd7 9.e5
dxe5 10.fxe5 Nh5 11.e6 Qh4+ 12.g3 Nxg3 13.hxg3 Qxh1 14.Be3 Bxc3+ 15.bxc3 a6
16.exd7+ Bxd7 17.Bxd7+ Kxd7 18.Qg4+ f5 19.Qf3 Qxf3 20.Nxf3 Rhe8 21.Kf2 c4 22.Bf4
Re4 23.Nd2 Rxf4+ 24.gxf4 b5 25.a4 Rb8 26.Ke3 Re8+ 27.Kd4 Re2 28.Ra2 h5 29.axb5
axb5 30.Ra7+ Kc8 31.Nf3 b4 32.Ne5 b3 33.d6 Rd2+ 34.Kc5 b2 35.Nc6

[Event "VII OPEN AMATEUR CALVIA"]
[Site "Calvia - Mallorca (España)"]
[Date "2010.10.11"]
[Round "3"]
[Board "1"]
[White "Barcelo Pujadas, Pedro Jose"]
[Black "Juan Mas, Santiago"]
[Result "1-0"]
[WhiteElo "2269"]
[BlackElo "2092"]
[PlyCount "77"]
[EventDate "2010.10.09"]
[EventRounds "9"]
[EventCountry "ESP"]

1.Nf3 Nc6 2.c4 Nf6 3.g3 e6 4.Bg2 d5 5.O-O d4 6.d3 Be7 7.a3 a5 8.e3 e5 9.exd4
exd4 10.Re1 O-O 11.Nbd2 Re8 12.b3 Bf5 13.Ne4 Nxe4 14.dxe4 Bg4 15.h3 Bh5 16.g4
Bg6 17.Qd3 Qd6 18.Bb2 Rad8 19.Rad1 Bf6 20.g5 Ne5 21.Nxe5 Bxe5 22.Qf3 d3 23.Bxe5
Qxe5 24.Rxd3 Qxg5 25.Rxd8 Rxd8 26.e5 Qd2 27.Qe3 Qxe3 28.Rxe3 c6 29.b4 axb4
30.axb4 Bd3 31.c5 Ba6 32.Ra3 Rd4 33.b5 cxb5 34.c6 b4 35.Ra1 b3 36.cxb7 Bxb7
37.Bxb7 Kf8 38.Rb1 Rd3 39.Kg2

[Event "VII OPEN AMATEUR CALVIA"]
[Site "Calvia - Mallorca (España)"]
[Date "2010.10.11"]
[Round "3"]
[Board "1"]
[White "Valls Casas, Jordi"]
[Black "Fruebing, Thomas"]
[Result "1-0"]
[WhiteElo "2088"]
[BlackElo "2234"]
[PlyCount "109"]
[EventDate "2010.10.09"]
[EventRounds "9"]
[EventCountry "ESP"]

1.d4 b6 2.c4 e6 3.Nc3 Bb4 4.Qc2 Bb7 5.a3 Be7 6.e4 d6 7.Bd3 e5 8.d5 Nf6 9.Nge2
Nbd7 10.Ng3 a5 11.Nf5 O-O 12.g4 Kh8 13.Rg1 Re8 14.h4 Ng8 15.g5 Nc5 16.Be3 Bc8
17.Bxc5 bxc5 18.O-O-O Bf8 19.Qd2 g6 20.Ne3 h5 21.gxh6 Bxh6 22.Kb1 Nf6 23.Be2 Bf4
24.Qd3 Qe7 25.Ka1 Qf8 26.Bf3 Qh6 27.Ng2 Bh3 28.Nxf4 exf4 29.Rh1 Bg4 30.Rdg1 Bxf3
31.Qxf3 Re5 32.Rg5 Rae8 33.Qxf4 Kg7 34.f3 Nh5 35.Qc1 f6 36.Rg4 f5 37.Rg5 f4
38.Rhg1 Rf8 39.Rxe5 dxe5 40.Nb5 Ng3 41.Qc3 Qh5 42.Rd1 Nxe4 43.Qxa5 Rf7 44.Nxc7
Qxf3 45.Ne6+ Kh6 46.Re1 Qg2 47.Qa8 f3 48.Qh8+ Rh7 49.Qf8+ Kh5 50.Nf4+ exf4
51.Rxe4 f2 52.Rxf4 Qg1+ 53.Ka2 Qc1 54.Qf6 Qg1 55.Rxf2

[Event "VII OPEN AMATEUR CALVIA"]
[Site "Calvia - Mallorca (España)"]
[Date "2010.10.11"]
[Round "3"]
[Board "1"]
[White "Lacrosse, Marc"]
[Black "Berendsen, Markus"]
[Result "1/2-1/2"]
[WhiteElo "2198"]
[BlackElo "2034"]
[PlyCount "68"]
[EventDate "2010.10.09"]
[EventRounds "9"]
[EventCountry "ESP"]

1.d4 Nf6 2.c4 e6 3.Nf3 Bb4+ 4.Bd2 Qe7 5.Nc3 Nc6 6.g3 Bxc3 7.Bxc3 Ne4 8.Rc1 Nxc3
9.Rxc3 d6 10.Bg2 Bd7 11.O-O e5 12.d5 Nb8 13.c5 Na6 14.cxd6 cxd6 15.Qc2 O-O
16.Rc1 Rfd8 17.a3 Qe8 18.b4 Rac8 19.Nd2 Rxc3 20.Qxc3 Rc8 21.Qb2 Rxc1+ 22.Qxc1
Qd8 23.e3 Bb5 24.h4 h6 25.Qc2 Nc7 26.e4 Ne8 27.Bf1 Bxf1 28.Kxf1 Qd7 29.Kg2 Kf8
30.Nf1 g6 31.Ne3 h5 32.f3 Ke7 33.Qc3 Nf6 34.Qc2 Ne8

[Event "VII OPEN AMATEUR CALVIA"]
[Site "Calvia - Mallorca (España)"]
[Date "2010.10.11"]
[Round "3"]
[Board "1"]
[White "Sokalskaja, Elena"]
[Black "Lommers, Frank"]
[Result "0-1"]
[WhiteElo "2036"]
[BlackElo "2191"]
[PlyCount "56"]
[EventDate "2010.10.09"]
[EventRounds "9"]
[EventCountry "ESP"]

1.d4 Nf6 2.Nf3 e6 3.Bg5 h6 4.Bxf6 Qxf6 5.e3 b6 6.Bd3 Bb7 7.Nbd2 g6 8.O-O Bg7
9.Ne4 Qe7 10.c4 d6 11.Rb1 O-O 12.b4 e5 13.dxe5 dxe5 14.c5 Kh8 15.Nfd2 f5 16.Ng3
Nd7 17.Nc4 Rad8 18.Qb3 h5 19.f4 exf4 20.exf4 Bd4+ 21.Kh1 h4 22.Rfe1 Qg7 23.Nf1
h3 24.Nfe3 Nf6 25.Ne5 Bxe5 26.fxe5 Ng4 27.Bf1 Nxe5 28.Nc4 Rd3 {Indescifrable.}

[Event "VII OPEN AMATEUR CALVIA"]
[Site "Calvia - Mallorca (España)"]
[Date "2010.10.11"]
[Round "3"]
[Board "1"]
[White "Tscharotschkin, Michael"]
[Black "Porfireanu, Serban"]
[Result "1-0"]
[WhiteElo "2179"]
[BlackElo "2024"]
[PlyCount "89"]
[EventDate "2010.10.09"]
[EventRounds "9"]
[EventCountry "ESP"]

1.e4 c6 2.d4 d5 3.Nc3 dxe4 4.Nxe4 Bf5 5.Ng3 Bg6 6.Nf3 e6 7.Ne5 Bd6 8.Nxg6 hxg6
9.Be2 Nd7 10.Ne4 Bb4+ 11.c3 Be7 12.Bf4 Ndf6 13.Nxf6+ Nxf6 14.Qb3 Qd7 15.Bf3 O-O
16.h4 Nd5 17.Bd2 a5 18.a3 a4 19.Qc2 c5 20.dxc5 f5 21.O-O-O Bxc5 22.h5 g5 23.Bxg5
Qf7 24.Bxd5 exd5 25.Be3 b6 26.Bd4 Bxd4 27.Rxd4 Rfe8 28.h6 gxh6 29.Qd2 Qg7
30.Qxh6 Re1+ 31.Rd1 Qxh6+ 32.Rxh6 Re2 33.Rd2 Re1+ 34.Kc2 Rae8 35.Rd6 f4 36.R6xd5
Rg1 37.g3 Ree1 38.gxf4 Kf7 39.Rd7+ Ke6 40.R7d6+ Kf5 41.Rxb6 Rh1 42.Rb5+ Kg4
43.Rb4 Rc1+ 44.Kd3 Rh3+ 45.Kc4

[Event "VII OPEN AMATEUR CALVIA"]
[Site "Calvia - Mallorca (España)"]
[Date "2010.10.11"]
[Round "3"]
[Board "1"]
[White "Hoffmann, Roger"]
[Black "Planas Gene, Juan"]
[Result "0-1"]
[WhiteElo "2086"]
[BlackElo "2163"]
[PlyCount "104"]
[EventDate "2010.10.09"]
[EventRounds "9"]
[EventCountry "ESP"]

1.d4 Nf6 2.c4 e6 3.Nf3 b6 4.g3 Bb7 5.Bg2 Be7 6.Nc3 O-O 7.O-O Ne4 8.Nxe4 Bxe4
9.Ne5 Bxg2 10.Kxg2 d6 11.Nd3 Qd7 12.Kg1 f5 13.b3 Bf6 14.Bb2 Qf7 15.e3 Nd7 16.Qe2
Rae8 17.Qf3 c5 18.Qc6 Qe7 19.Rad1 Rc8 20.Qg2 g5 21.f3 cxd4 22.exd4 Qg7 23.Qf2
Nb8 24.Rfe1 Rfe8 25.Re2 Nc6 26.Ne1 e5 27.d5 Nd8 28.Nd3 Rc7 29.Nb4 Rce7 30.Nc6
Rc7 31.Nb4 Nb7 32.Nc6 Nc5 33.b4 Na4 34.Ba1 e4 35.Bxf6 Qxf6 36.Re3 Nb2 37.Rde1
Nxc4 38.fxe4 Nxe3 39.Rxe3 f4 40.Re1 f3 41.h3 h5 42.Qe3 Rf7 43.Rf1 Ref8 44.Rf2 h4
45.g4 Qf4 46.Qxf4 Rxf4 47.Nd4 Rxe4 48.Nxf3 Rxb4 49.Nxg5 Rxf2 50.Kxf2 Rb2+ 51.Ke3
Rxa2 52.Ne4 Ra3+

[Event "VII OPEN AMATEUR CALVIA"]
[Site "Calvia - Mallorca (España)"]
[Date "2010.10.11"]
[Round "3"]
[Board "1"]
[White "Pietinen, Pekka"]
[Black "Nilsson, Viktor"]
[Result "0-1"]
[WhiteElo "1997"]
[BlackElo "2151"]
[PlyCount "50"]
[EventDate "2010.10.09"]
[EventRounds "9"]
[EventCountry "ESP"]

1.e4 c5 2.Nf3 e6 3.c4 Nc6 4.Be2 Nf6 5.Nc3 d5 6.d3 d4 7.Nb1 Bd6 8.Nbd2 e5 9.Nf1
a6 10.Bg5 h6 11.Bh4 b5 12.N3d2 g5 13.Bg3 h5 14.h3 Be6 15.b3 Qa5 16.Bh2 h4 17.Bg1
bxc4 18.bxc4 Rb8 19.Qc1 Qc3 20.Kd1 Bd7 21.Qxc3 dxc3 22.Nb1 c2+ 23.Kxc2 Nd4+
24.Kd2 Rb2+ 25.Ke3 Rxe2#

[Event "VII OPEN AMATEUR CALVIA"]
[Site "Calvia - Mallorca (España)"]
[Date "2010.10.11"]
[Round "3"]
[Board "1"]
[White "Rhein, Klaus"]
[Black "Serarols Mabras, Bernat"]
[Result "1-0"]
[WhiteElo "2146"]
[BlackElo "1817"]
[PlyCount "47"]
[EventDate "2010.10.09"]
[EventRounds "9"]
[EventCountry "ESP"]

1.e4 Nf6 2.Nc3 d5 3.e5 d4 4.Nce2 Ng4 5.f4 g6 6.Nf3 c5 7.Ng3 Bg7 8.Bc4 O-O 9.O-O
e6 10.Ne4 Nh6 11.d3 Qc7 12.Qe1 Qe7 13.b4 cxb4 14.Nxd4 Nf5 15.Nf3 h5 16.h3 Nc6
17.a3 Rd8 18.axb4 Qxb4 19.c3 Qb6+ 20.Kh2 Na5 21.g4 Nxc4 22.dxc4 hxg4 23.hxg4 Nh6
24.Qh4

[Event "VII OPEN AMATEUR CALVIA"]
[Site "Calvia - Mallorca (España)"]
[Date "2010.10.11"]
[Round "3"]
[Board "1"]
[White "Jaramillo, Eduardo Alonso"]
[Black "Lopez Colon, Francisco"]
[Result "0-1"]
[WhiteElo "1996"]
[BlackElo "2145"]
[PlyCount "98"]
[EventDate "2010.10.09"]
[EventRounds "9"]
[EventCountry "ESP"]

1.e4 d6 2.d4 Nf6 3.Nc3 g6 4.Nf3 Bg7 5.Be2 O-O 6.O-O a6 7.h3 b5 8.a3 Bb7 9.Qd3 c5
10.d5 Nbd7 11.Be3 Qc7 12.Bf4 Rfc8 13.Qe3 b4 14.Nd1 Qb6 15.c4 bxc3 16.Nxc3 Nh5
17.Rab1 Nxf4 18.Qxf4 Rcb8 19.Ng5 Nf6 20.Qd2 h6 21.Nf3 Nd7 22.Nh2 Kh7 23.f4 Rf8
24.f5 Ne5 25.Kh1 a5 26.Nb5 a4 27.Nc3 Qa5 28.Rf4 h5 29.Rff1 Ba6 30.g4 hxg4
31.hxg4 Rh8 32.Kg2 Kg8 33.Qf4 Bxe2 34.Nxe2 Qb5 35.Ng3 Qb3 36.Qf2 Rxh2+ 37.Kxh2
Nxg4+ 38.Kg2 Nxf2 39.Rxf2 Be5 40.Nf1 Kg7 41.Re1 Bd4 42.Rfe2 Rh8 43.Ng3 Be5
44.Re3 Qxb2+ 45.R1e2 Qd4 46.Nf1 c4 47.Rf3 c3 48.Re1 c2 49.Rfe3 Qd1

[Event "VII OPEN AMATEUR CALVIA"]
[Site "Calvia - Mallorca (España)"]
[Date "2010.10.11"]
[Round "3"]
[Board "1"]
[White "Mercant Simo, Jaime"]
[Black "Knudsen, Jes West"]
[Result "1-0"]
[WhiteElo "2123"]
[BlackElo "1996"]
[PlyCount "69"]
[EventDate "2010.10.09"]
[EventRounds "9"]
[EventCountry "ESP"]

1.e4 c5 2.Nf3 a6 3.c4 Nc6 4.d4 cxd4 5.Nxd4 e5 6.Nc2 Nf6 7.Nc3 Bc5 8.Be2 d6 9.O-O
h5 10.Bg5 Nd4 11.Ne3 Ne6 12.Bxf6 gxf6 13.b4 Bd4 14.Rc1 Nf4 15.Ncd5 Nxe2+ 16.Qxe2
Be6 17.Kh1 Rh6 18.Qf3 Bxe3 19.Nxe3 Qd7 20.Qe2 f5 21.exf5 Bxf5 22.Nd5 Rd8 23.f4
e4 24.Qb2 Kf8 25.Qd4 Qc6 26.Rc3 h4 27.Ne3 Qc8 28.Re1 Re8 29.c5 h3 30.cxd6 hxg2+
31.Kg1 Qe6 32.Qc5 Qxd6 33.Nxf5 Qxc5+ 34.Rxc5 Rh4 35.Nxh4

[Event "VII OPEN AMATEUR CALVIA"]
[Site "Calvia - Mallorca (España)"]
[Date "2010.10.11"]
[Round "3"]
[Board "1"]
[White "Garcia Gil, Javier"]
[Black "Andersen, Daniel"]
[Result "1-0"]
[WhiteElo "2241"]
[BlackElo "1940"]
[PlyCount "27"]
[EventDate "2010.10.09"]
[EventRounds "9"]
[EventCountry "ESP"]

1.d4 Nf6 2.c4 g6 3.Nc3 d5 4.Bf4 Bg7 5.e3 c5 6.dxc5 Qa5 7.Rc1 dxc4 8.Bxc4 Qxc5
9.Nb5 Qb4+ 10.Kf1 Na6 11.a3 Qa5 12.Nc7+ Nxc7 13.Bxc7 Bg4 14.Bxa5

[Event "VII OPEN AMATEUR CALVIA"]
[Site "Calvia - Mallorca (España)"]
[Date "2010.10.11"]
[Round "3"]
[Board "1"]
[White "Voiteanu, Gabriel"]
[Black "Helin, Mikael"]
[Result "1-0"]
[WhiteElo "2236"]
[BlackElo "1927"]
[PlyCount "49"]
[EventDate "2010.10.09"]
[EventRounds "9"]
[EventCountry "ESP"]

1.d4 g6 2.c4 Bg7 3.e4 d6 4.Nc3 Nc6 5.d5 Nb8 6.g3 a5 7.Be3 e5 8.Qd2 Nd7 9.O-O-O
h6 10.h4 Ngf6 11.f3 Nh5 12.Nge2 f5 13.exf5 gxf5 14.g4 Nb6 15.Bxb6 fxg4 16.fxg4
Bxg4 17.Be3 Bf3 18.Rh2 Qf6 19.Rf2 Rf8 20.Bg2 e4 21.Nxe4 Qxh4 22.Rxf3 O-O-O
23.Bh3+ Kb8 24.Qxa5 b6 25.Bxb6